[Event "Osijek op 12th"]
[Site "Osijek"]
[Date "2019.02.23"]
[Round "6.1"]
[White "Grandic, Zvjezdan"]
[Black "Ivekovic, Bozidar1111"]
[Result "0-1"]
[WhiteElo "2168"]
[BlackElo "2398"]
[PlyCount "172"]
[EventDate "2019.02.21"]
[EventType "swiss"]
[EventRounds "7"]
[EventCountry "CRO"]
[SourceTitle "EXT 2023"]
[Source "ChessBase"]
[SourceDate "2022.10.05"]
[SourceVersion "1"]
[SourceVersionDate "2022.10.05"]
[SourceQuality "1"]

1. e4 c5 2. Nf3 d6 3. d4 cxd4 4. Nxd4 Nf6 5. Nc3 a6 6. a4 e6 7. g3 Nc6 8. Bg2 Bd7 9. 0-0 Nxd4 10. Qxd4 Bc6 11. h3 Be7 12. Kh2 0-0 13. f4 Qc7 14. Qf2 Nd7 15. Be3 b6 16. g4 Qb7 17. g5 f6 18. Qg3 fxg5 19. fxg5 Ne5 20. Bf4 Qc7 21. Rad1 Rad8 22. h4 Ng6 23. Be3 Rxf1 24. Bxf1 Bb7 25. h5 Ne5 26. Bh3 Bc8 27. g6 hxg6 28. hxg6 Bh4 29. Qg2 Rf8 30. Bg4 Nxg6 31. Bxe6+ Bxe6 32. Qxg6 Bf6 33. Bf4 Qc5 34. Bxd6 Qf2+ 35. Qg2 Qh4+ 36. Kg1 Bg5 37. Qg3 Qxg3+ 38. Bxg3 Bg4 39. Rf1 Be3+ 40. Bf2 Bh3 41. Bxe3 Rxf1+ 42. Kh2 Bd7 43. Bxb6 Rc1 44. Kg3 Rxc2 45. a5 Rxb2 46. Nd5 Kf7 47. Kf4 Bb5 48. Ke5 Bc4 49. Nc7 Ke7 50. Kd4 Rc2 51. Na8 Ke6 52. Bc7 Bb5 53. Bf4 Rc4+ 54. Ke3 Ra4 55. Nc7+ Kd7 56. Nd5 Ra3+ 57. Kd4 Rxa5 58. Be5 g5 59. Bf6 g4 60. Bh4 Bc6 61. Nf6+ Ke6 62. Nxg4 Bxe4 63. Kxe4 Ra4+ 64. Kf3 a5 65. Bf2 Rc4 66. Ne3 Rc8 67. Ke4 a4 68. Kd3 a3 69. Nc2 a2 70. Bd4 Rb8 71. Na1 Kd5 72. Bc3 Rg8 73. Nc2 Rg3+ 74. Ne3+ Kc5 75. Kd2 Kb5 76. Be5 Rg5 77. Bf6 Rg6 78. Ba1 Kb4 79. Kc2 Rh6 80. Bc3+ Ka4 81. Kb2 Rh2+ 82. Nc2 a1Q+ 83. Kxa1 Rxc2 84. Bg7 Kb3 85. Kb1 Rg2 86. Bd4 Rd2 0-1

[Event "Osijek op 12th"]
[Site "Osijek"]
[Date "2019.02.22"]
[Round "3.2"]
[White "Grandic, Zvjezdan"]
[Black "Trbojevic, Mladen"]
[Result "1-0"]
[WhiteElo "2168"]
[BlackElo "2354"]
[PlyCount "133"]
[EventDate "2019.02.21"]
[EventType "swiss"]
[EventRounds "7"]
[EventCountry "CRO"]
[SourceTitle "EXT 2023"]
[Source "ChessBase"]
[SourceDate "2022.10.05"]
[SourceVersion "1"]
[SourceVersionDate "2022.10.05"]
[SourceQuality "1"]

1. e4 e5 2. Nf3 Nc6 3. Bb5 a6 4. Ba4 Nf6 5. d3 Bc5 6. c3 b5 7. Bb3 d6 8. h3 h6 9. 0-0 0-0 10. Re1 Bb6 11. a4 Bd7 12. Nbd2 Ne7 13. Nf1 Ng6 14. d4 c5 15. Ne3 Qc7 16. Bd5 cxd4 17. cxd4 Rac8 18. axb5 Bxb5 19. b3 Nf4 20. dxe5 dxe5 21. Ba3 Nd3 22. Bxf8 Nxe1 23. Qxe1 Kxf8 24. Bc4 Kg8 25. Rc1 Kh8 26. Nd5 Nxd5 27. exd5 Bd4 28. Qe4 Qb6 29. Nxe5 Bxf2+ 30. Kh1 Bxc4 31. Nxf7+ Kg8 32. bxc4 Be3 33. Rb1 Qc5 34. Qe6 Kh7 35. Nd6 Rf8 36. Qe4+ Kh8 37. Nf7+ Rxf7 38. Rb8+ Rf8 39. Rxf8+ Qxf8 40. Qxe3 Qf1+ 41. Kh2 Qxc4 42. Qe5 Qc5 43. Qe8+ Kh7 44. Qe4+ Kh8 45. Qe6 Qd4 46. d6 Qf4+ 47. Kg1 Qc1+ 48. Kf2 Qd2+ 49. Kf3 Qd3+ 50. Kf4 Qd2+ 51. Kg3 Qg5+ 52. Kf3 Qh5+ 53. Ke3 Qc5+ 54. Kd3 Qa3+ 55. Ke4 Qa4+ 56. Kf3 Qa3+ 57. Kf2 Qc5+ 58. Kf3 Qc3+ 59. Kg4 Qd2 60. d7 Qxg2+ 61. Kf4 Qf2+ 62. Ke4 Qe2+ 63. Kd5 Qf3+ 64. Kd6 Qf8+ 65. Kc7 Qc5+ 66. Kb7 Qb5+ 67. Ka8 1-0

[Event "Osijek op 12th"]
[Site "Osijek"]
[Date "2019.02.22"]
[Round "4.3"]
[White "Jusup, Matej"]
[Black "Grandic, Zvjezdan"]
[Result "1/2-1/2"]
[WhiteElo "2236"]
[BlackElo "2168"]
[PlyCount "98"]
[EventDate "2019.02.21"]
[EventType "swiss"]
[EventRounds "7"]
[EventCountry "CRO"]
[SourceTitle "EXT 2023"]
[Source "ChessBase"]
[SourceDate "2022.10.05"]
[SourceVersion "1"]
[SourceVersionDate "2022.10.05"]
[SourceQuality "1"]

1. d4 e6 2. Nf3 Nf6 3. Bf4 c5 4. e3 Be7 5. Nbd2 0-0 6. c3 b6 7. Bd3 Ba6 8. Bxa6 Nxa6 9. Qe2 Qc8 10. h3 Nc7 11. a4 d6 12. 0-0 Qa6 13. c4 Nfd5 14. Bg3 Nb4 15. Ne4 Ne8 16. Nc3 Nf6 17. Nb5 Rad8 18. e4 Qb7 19. d5 e5 20. Nxe5 dxe5 21. Bxe5 Nd7 22. Bh2 a6 23. Nc3 Bf6 24. f4 Bd4+ 25. Kh1 f6 26. Bg1 Rfe8 27. Qd2 Bxc3 28. bxc3 Rxe4 29. cxb4 Rxc4 30. b5 a5 31. Rfe1 f5 32. d6 Re4 33. Qa2+ Kf8 34. Rad1 Rde8 35. Qf2 Nf6 36. Rxe4 Nxe4 37. Qh4 Nf6 38. Qg5 Qd7 39. Bf2 Ne4 40. Qh4 Qd8 41. d7 Nxf2+ 42. Qxf2 Re4 43. Rd5 g6 44. Qb2 Kf7 45. Qd2 Ke7 46. Qb2 Kf7 47. Qd2 Ke7 48. Rd6 Re6 49. Rd5 Re4 1/2-1/2

[Event "Osijek-Baranja CupT 11th"]
[Site "Nasice"]
[Date "2018.02.18"]
[Round "5.1"]
[White "Grandic, Zvjezdan"]
[Black "Berke, Ana"]
[Result "0-1"]
[WhiteElo "2210"]
[BlackElo "2122"]
[PlyCount "48"]
[EventDate "2018.02.16"]
[EventType "team-swiss"]
[EventRounds "5"]
[EventCountry "CRO"]
[SourceTitle "EXT 2023"]
[Source "ChessBase"]
[SourceDate "2022.10.05"]
[SourceVersion "1"]
[SourceVersionDate "2022.10.05"]
[SourceQuality "1"]
[WhiteTeam "Nasice Slavonac"]
[BlackTeam "Belisce"]
[WhiteTeamCountry "CRO"]
[BlackTeamCountry "CRO"]

1. e4 c5 2. Nf3 Nc6 3. c4 e5 4. Nc3 d6 5. h3 g6 6. d3 Bg7 7. g3 Nge7 8. Bg2 0-0 9. 0-0 f5 10. Nd5 h6 11. exf5 Bxf5 12. Nh4 Be6 13. Be4 g5 14. Ng6 Nxg6 15. Bxg6 Bxh3 16. Be3 Ne7 17. Bxg5 hxg5 18. Nxe7+ Qxe7 19. Qh5 Rf6 20. Bh7+ Kf8 21. Qxh3 Rh6 22. Qf5+ Bf6 23. f4 gxf4 24. gxf4 Qg7+ 0-1

[Event "CRO-CupT final"]
[Site "Sibenik"]
[Date "2015.05.22"]
[Round "4.13"]
[White "Medak, Bojan"]
[Black "Grandic, Zvjezdan"]
[Result "1-0"]
[WhiteElo "2396"]
[BlackElo "2203"]
[PlyCount "65"]
[EventDate "2015.05.20"]
[EventType "team-swiss"]
[EventRounds "6"]
[EventCountry "CRO"]
[SourceTitle "CBM 166 Extra"]
[Source "ChessBase"]
[SourceDate "2015.06.18"]
[SourceVersion "1"]
[SourceVersionDate "2015.06.18"]
[SourceQuality "1"]
[WhiteTeam "Osijek ETF"]
[BlackTeam "Nasice Slavonac"]
[WhiteTeamCountry "CRO"]
[BlackTeamCountry "CRO"]

1. c4 Nf6 2. Nf3 e6 3. g3 Be7 4. Bg2 0-0 5. 0-0 c5 6. d4 d5 7. cxd5 exd5 8. Nc3 Nc6 9. dxc5 Bxc5 10. Na4 Be7 11. Be3 Be6 12. Nc5 Bxc5 13. Bxc5 Re8 14. Rc1 Qd7 15. Bd4 Ne4 16. Ne5 Qd6 17. Nxc6 bxc6 18. Bxg7 Kxg7 19. Bxe4 Qe5 20. Bf3 Qxb2 21. Rxc6 Qxa2 22. Qd4+ Kg8 23. Ra1 Qb3 24. Rxa7 Bh3 25. Rc1 Rxa7 26. Qxa7 Qb2 27. Qa1 Rxe2 28. Bxe2 Qxe2 29. Re1 Qb5 30. Qf6 Be6 31. h4 d4 32. Qd8+ Kg7 33. Qxd4+ 1-0

[Event "CRO-CupT final"]
[Site "Sibenik"]
[Date "2015.05.21"]
[Round "2.11"]
[White "Grandic, Zvjezdan"]
[Black "Galic, Ivan"]
[Result "0-1"]
[WhiteElo "2203"]
[BlackElo "2400"]
[PlyCount "102"]
[EventDate "2015.05.20"]
[EventType "team-swiss"]
[EventRounds "6"]
[EventCountry "CRO"]
[SourceTitle "CBM 166 Extra"]
[Source "ChessBase"]
[SourceDate "2015.06.18"]
[SourceVersion "1"]
[SourceVersionDate "2015.06.18"]
[SourceQuality "1"]
[WhiteTeam "Nasice Slavonac"]
[BlackTeam "Dubrovnik"]
[WhiteTeamCountry "CRO"]
[BlackTeamCountry "CRO"]

1. e4 c5 2. Nf3 e6 3. c4 Nc6 4. Nc3 Nd4 5. d3 Ne7 6. g3 Nxf3+ 7. Qxf3 Nc6 8. Bg2 g6 9. 0-0 Bg7 10. Be3 d6 11. Qe2 Nd4 12. Qd2 0-0 13. Bh6 Rb8 14. Bxg7 Kxg7 15. f4 f6 16. f5 exf5 17. Rae1 fxe4 18. Rxe4 Bf5 19. Re3 Re8 20. Rfe1 Re5 21. Nd5 Be6 22. Nf4 Qe7 23. Bd5 Bf5 24. Bg2 Be6 25. Bd5 Bf5 26. Bg2 Qd7 27. Rxe5 dxe5 28. Nd5 Be6 29. Rf1 Bxd5 30. Bxd5 b5 31. b3 b4 32. Qf2 Rf8 33. Kg2 a5 34. h3 a4 35. g4 axb3 36. axb3 Nxb3 37. g5 f5 38. Qa2 Nd4 39. Qa5 Qe7 40. h4 h6 41. gxh6+ Kxh6 42. Qb6 Ne2 43. h5 Nf4+ 44. Kf3 Nxh5 45. Rg1 e4+ 46. dxe4 fxe4+ 47. Ke2 Qg7 48. Qxc5 Nf4+ 49. Ke3 Qc3+ 50. Kxe4 Qc2+ 51. Kf3 Ne6+ 0-1

[Event "CRO-chT2 Ost"]
[Site "Croatia"]
[Date "2015.05.10"]
[Round "6.12"]
[White "Spoljar, Marijan"]
[Black "Grandic, Zvjezdan"]
[Result "1/2-1/2"]
[WhiteElo "2225"]
[BlackElo "2215"]
[PlyCount "62"]
[EventDate "2015.04.25"]
[EventType "team-tourn"]
[EventRounds "11"]
[EventCountry "CRO"]
[SourceTitle "EXT 2016"]
[Source "ChessBase"]
[SourceDate "2015.10.08"]
[SourceVersion "1"]
[SourceVersionDate "2015.10.08"]
[SourceQuality "1"]

1. Nf3 e6 2. b3 b6 3. g3 Bb7 4. Bg2 Nf6 5. Bb2 Be7 6. d4 0-0 7. Nbd2 c5 8. e3 Nc6 9. 0-0 Rc8 10. a3 d5 11. c4 Ba6 12. Re1 cxd4 13. exd4 dxc4 14. bxc4 b5 15. c5 Nd5 16. Qb3 Na5 17. Qc2 Nc4 18. Nxc4 bxc4 19. Qa4 c3 20. Bc1 Bd3 21. Be3 a6 22. Bf1 Bxf1 23. Rxf1 Ra8 24. Rac1 Qe8 25. Qc4 Qb5 26. Qa2 Rfb8 27. Rb1 Qd3 28. Ne5 Qf5 29. Nc6 Re8 30. Nxe7+ Nxe7 31. Rfc1 Nd5 1/2-1/2

[Event "CRO-chT2 Ost"]
[Site "Croatia"]
[Date "2015.04.25"]
[Round "2.12"]
[White "Patarcic, Domagoj"]
[Black "Grandic, Zvjezdan"]
[Result "1-0"]
[WhiteElo "2176"]
[BlackElo "2215"]
[PlyCount "99"]
[EventDate "2015.04.25"]
[EventType "team-tourn"]
[EventRounds "11"]
[EventCountry "CRO"]
[SourceTitle "EXT 2016"]
[Source "ChessBase"]
[SourceDate "2015.10.08"]
[SourceVersion "1"]
[SourceVersionDate "2015.10.08"]
[SourceQuality "1"]

1. d4 e6 2. Nc3 d5 3. e4 Nc6 4. Nf3 Bb4 5. e5 f6 6. exf6 Nxf6 7. Bd3 0-0 8. 0-0 Ne7 9. Ne2 Bd6 10. c3 c5 11. Ne5 cxd4 12. cxd4 Bxe5 13. dxe5 Ng4 14. Nd4 Nxe5 15. Bxh7+ Kxh7 16. Qh5+ Kg8 17. Qxe5 Nc6 18. Nxc6 bxc6 19. Qc3 Ba6 20. Re1 Qf6 21. Qg3 Rac8 22. Re5 c5 23. Bg5 Qg6 24. Rae1 Rc6 25. h4 Bc8 26. h5 Qc2 27. h6 g6 28. h7+ Kxh7 29. Qh4+ Kg8 30. Bh6 Rf7 31. Rxd5 Bd7 32. Rde5 Rc8 33. Qg3 Kh7 34. Be3 Rf5 35. Rc1 Qxb2 36. Qh4+ Kg8 37. Rxf5 gxf5 38. Rxc5 Qb1+ 39. Kh2 Qb8+ 40. Bf4 Qb6 41. Qg5+ Kf7 42. Qh5+ Ke7 43. Qh7+ Ke8 44. Qg8+ Ke7 45. Qg7+ Ke8 46. Qg8+ Ke7 47. Rxc8 Bxc8 48. Qxc8 Qxf2 49. Qc7+ Ke8 50. Bg5 1-0

[Event "Osijek op"]
[Site "Osijek"]
[Date "2015.03.07"]
[Round "5"]
[White "Grandic, Zvjezdan"]
[Black "Lovric, Petar"]
[Result "1/2-1/2"]
[WhiteElo "2217"]
[BlackElo "2029"]
[PlyCount "49"]
[EventDate "2015.03.05"]
[EventType "swiss"]
[EventRounds "7"]
[EventCountry "CRO"]
[SourceTitle "CBM 165 Extra"]
[Source "ChessBase"]
[SourceDate "2015.04.21"]
[SourceVersion "1"]
[SourceVersionDate "2015.04.21"]
[SourceQuality "1"]

1. e4 c6 2. d4 d5 3. Bd3 dxe4 4. Bxe4 Nf6 5. Bf3 Bf5 6. Nc3 e6 7. g4 Bg6 8. Nge2 Bb4 9. a3 Bd6 10. Bf4 Nd5 11. Bxd5 exd5 12. Qd2 Qc7 13. h4 h5 14. Bxd6 Qxd6 15. gxh5 Bxh5 16. 0-0-0 Nd7 17. Rdg1 g6 18. Qe3+ Qe7 19. Qg3 0-0-0 20. Nf4 Nf6 21. Re1 Qd7 22. Nd3 Ng4 23. f3 Nh6 24. Nc5 Nf5 25. Qh3 1/2-1/2

[Event "Osijek op"]
[Site "Osijek"]
[Date "2015.03.06"]
[Round "4"]
[White "Stocko, Josip"]
[Black "Grandic, Zvjezdan"]
[Result "1/2-1/2"]
[WhiteElo "2341"]
[BlackElo "2217"]
[PlyCount "33"]
[EventDate "2015.03.05"]
[EventType "swiss"]
[EventRounds "7"]
[EventCountry "CRO"]
[SourceTitle "CBM 165 Extra"]
[Source "ChessBase"]
[SourceDate "2015.04.21"]
[SourceVersion "1"]
[SourceVersionDate "2015.04.21"]
[SourceQuality "1"]

1. e4 d6 2. d4 Nf6 3. Nc3 e6 4. Be3 Be7 5. Bd3 c5 6. Nf3 Ng4 7. Bd2 cxd4 8. Nxd4 Ne5 9. Be2 Nbc6 10. Be3 0-0 11. 0-0 d5 12. exd5 exd5 13. Bf3 Be6 14. Re1 Bb4 15. a3 Bxc3 16. bxc3 Qf6 17. Rb1 1/2-1/2

[Event "CRO-chT2 East"]
[Site "Croatia"]
[Date "2014.05.10"]
[Round "4.53"]
[White "Stocko, Josip"]
[Black "Grandic, Zvjezdan"]
[Result "1-0"]
[WhiteElo "2232"]
[BlackElo "2217"]
[PlyCount "57"]
[EventDate "2014.04.26"]
[EventType "team-tourn"]
[EventRounds "11"]
[EventCountry "CRO"]
[SourceTitle "EXT 2019"]
[Source "ChessBase"]
[SourceDate "2018.10.10"]
[SourceVersion "1"]
[SourceVersionDate "2018.10.10"]
[SourceQuality "1"]

1. e4 c5 2. Nf3 Nc6 3. Bb5 e6 4. 0-0 Nf6 5. Re1 Be7 6. c3 0-0 7. h3 Qc7 8. d3 e5 9. Nbd2 d6 10. Nf1 Be6 11. Ng5 a6 12. Bc4 d5 13. exd5 Bxd5 14. Ne3 Bxc4 15. dxc4 h6 16. Nf3 e4 17. Nd2 Qe5 18. Qc2 Rae8 19. Nef1 Bd6 20. f3 Nd4 21. cxd4 Qxd4+ 22. Ne3 Nh5 23. Nb3 Qe5 24. Nf1 f5 25. Bd2 g5 26. Bc3 Qf4 27. Qd2 e3 28. Rxe3 Rxe3 29. Qxe3 1-0

[Event "CRO-chT2 East"]
[Site "Osijek"]
[Date "2013.10.13"]
[Round "9.63"]
[White "Mravunac, Branko"]
[Black "Grandic, Zvjezdan"]
[Result "0-1"]
[WhiteElo "2065"]
[BlackElo "2182"]
[PlyCount "96"]
[EventDate "2013.04.20"]
[EventType "team-tourn"]
[EventRounds "11"]
[EventCountry "CRO"]
[SourceTitle "EXT 2023"]
[Source "ChessBase"]
[SourceDate "2022.10.05"]
[SourceVersion "1"]
[SourceVersionDate "2022.10.05"]
[SourceQuality "1"]

1. e4 d6 2. d4 Nf6 3. Bd3 g6 4. Ne2 Bg7 5. 0-0 0-0 6. h3 c5 7. c3 Qb6 8. Nd2 Nc6 9. Nc4 Qc7 10. d5 Nb8 11. a4 Nbd7 12. Bf4 Nb6 13. Nxb6 Qxb6 14. Qc2 Nd7 15. a5 Qc7 16. c4 Ne5 17. Ra2 f5 18. Bxe5 Bxe5 19. f4 Bg7 20. exf5 Bxf5 21. Bxf5 Rxf5 22. g4 Rf7 23. Qe4 Raf8 24. Ng3 b6 25. a6 b5 26. b3 Qb6 27. f5 g5 28. Kg2 Be5 29. Nh5 bxc4 30. Qxc4 Rb8 31. Rf3 Qb4 32. Qc1 Qe4 33. Qxg5+ Kh8 34. Qe3 Qxd5 35. Qd3 Qxd3 36. Rxd3 Rb4 37. Re2 Rf8 38. Rde3 Rb6 39. Rxe5 dxe5 40. Rxe5 Rxb3 41. Rxe7 Rd8 42. Nf4 Rd2+ 43. Ne2 c4 44. Kf1 c3 45. f6 Kg8 46. Rb7 c2 47. Rxb3 Rxe2 48. Kxe2 c1Q 0-1